Rhymes With 'Oat' Quiz Stats

Quiz Updated Feb 10, 2016

Also try: Rhymes with 'ICK'
Challenge
Share
Tweet
Embed
Score 0/22 Timer 03:00
1 Play Today
% Correct
boat
98%
coat
96.4%
goat
93%
moat
89.3%
note
87.3%
tote
85.7%
dote
84.9%
float
78.8%
vote
75.8%
rote
74.3%
bloat
66.5%
% Correct
wrote
65.2%
mote
61.5%
gloat
58.9%
quote
55.6%
cote
39.8%
groat
39.2%
stoat
36.3%
smote
29.7%
throat
27.3%
haute
24.5%
shoat
23.1%

You're not logged in!

Compare scores with friends on all Sporcle quizzes.
Join for Free
OR
Log In

You Might Also Like...

Show Comments

Extras

Top Quizzes Today


Score Distribution

Your Account Isn't Verified!

In order to create a playlist on Sporcle, you need to verify the email address you used during registration. Go to your Sporcle Settings to finish the process.

Report this User

Report this user for behavior that violates our Community Guidelines.

Details: